| Tag |
First Indicator |
Second Indicator |
Subfields |
| LEADER |
00000cas a2200000Ia 4500 |
| 001 |
in00000024598 |
| 005 |
20190805143003.0 |
| 008 |
800701d19481953sg qr p f0 0fre d |
| 035 |
|
|
|a (OCoLC)ocn828671774
|
| 035 |
|
|
|a (OCoLC)828671774
|
| 035 |
|
|
|9 AAD4836AM
|
| 040 |
|
|
|a LHL
|b eng
|c LHL
|d LHL
|d OCLCO
|d TXA
|d GBVCP
|d OCLCF
|d OCLCQ
|
| 016 |
7 |
|
|a 011781130
|2 DE-101
|
| 016 |
7 |
|
|a 287311-4
|2 DE-600
|
| 019 |
|
|
|a 6476619
|
| 029 |
1 |
|
|a GBVCP
|b 129875538
|
| 035 |
|
|
|a (OCoLC)828671774
|z (OCoLC)6476619
|
| 043 |
|
|
|a fw-----
|
| 050 |
0 |
0 |
|a SF602
|b .F7
|
| 082 |
0 |
4 |
|a 636.061
|b F877b
|
| 084 |
|
|
|a 670
|2 zdbs
|
| 049 |
|
|
|a TXAM
|
| 110 |
1 |
|
|a French West Africa.
|b Inspection générale de l'élevage.
|
| 245 |
1 |
0 |
|a Bulletin des services de l'élevage et des industries animales de l'Afrique Occidentale Française.
|
| 264 |
|
1 |
|a Dakar, Senegal :
|b Inspection générale de l'élevage,
|c 1948-1953.
|
| 300 |
|
|
|a volumes :
|b illustrations, maps ;
|c 26 cm
|
| 310 |
|
|
|a Quarterly
|
| 336 |
|
|
|a text
|b txt
|2 rdacontent
|
| 337 |
|
|
|a unmediated
|b n
|2 rdamedia
|
| 338 |
|
|
|a volume
|b nc
|2 rdacarrier
|
| 362 |
0 |
|
|a T. 1-6, no. 1, Jan./Mars 1948-Jan. 1953.
|
| 500 |
|
|
|a French West Africa. Inspectorate General of Livestock.
|
| 610 |
1 |
0 |
|a Africa, French-speaking West.
|b Services de l'elevage et des industries animales.
|
| 650 |
|
0 |
|a Livestock
|z Africa, West
|v Periodicals.
|
| 650 |
|
0 |
|a Animal industry
|z Africa, West
|v Periodicals.
|
| 650 |
|
0 |
|a Veterinary medicine
|z Africa, West
|v Periodicals.
|
| 650 |
|
7 |
|a Animal industry.
|2 fast
|0 (OCoLC)fst00809238
|
| 650 |
|
7 |
|a Livestock.
|2 fast
|0 (OCoLC)fst01000722
|
| 650 |
|
7 |
|a Veterinary medicine.
|2 fast
|0 (OCoLC)fst01165977
|
| 651 |
|
7 |
|a Africa, West.
|2 fast
|0 (OCoLC)fst01239521
|
| 994 |
|
|
|a C0
|b TXA
|
| 949 |
|
|
|a updated
|b h
|c 2019/8/5
|e coplinger
|f 2:29:56 pm
|
| 999 |
f |
f |
|s 8a33be42-d9a3-39b2-ad5d-88ea0ed8d4ba
|i 784ed289-34db-393a-b5cb-4a27b23455ce
|t 0
|
| 952 |
f |
f |
|p storage
|a Texas A&M University
|b J.J. Pickle Campus
|c High Density Repository
|d Remote Storage
|t 0
|e SF602 .F7
|h Library of Congress classification
|i unmediated -- volume
|k t.4
|l 1951
|m AM1480061311
|
| 952 |
f |
f |
|p storage
|a Texas A&M University
|b J.J. Pickle Campus
|c High Density Repository
|d Remote Storage
|t 0
|e SF602 .F7
|h Library of Congress classification
|i unmediated -- volume
|k t.3:no.4
|l 1950:oct./dec.
|m AM1480061359
|
| 952 |
f |
f |
|p storage
|a Texas A&M University
|b J.J. Pickle Campus
|c High Density Repository
|d Remote Storage
|t 0
|e SF602 .F7
|h Library of Congress classification
|i unmediated -- volume
|k t.5
|l 1952
|m AM1480061277
|
| 998 |
f |
f |
|a SF602 .F7
|s t.4-5 (1951-1952)
|t 0
|l Remote Storage
|